000 00450nam a22001217a 4500
999 _c9957
_d9957
003 OSt
008 201217b ||||| |||| 00| 0 eng d
245 _aThe Indian Journal of Technical Education
250 _a2008(Jul-Sep Vol.31 No.3, Oct-Dec Vol.31 No.4) 2009(Oct-Dec Vol.32 No.4) 2010(Oct-Dec Vol.33 No.4)
260 _aNew Delhi
_bISTE - Indian Society for Technical Education
650 _aElectronics and Communication Engineering
942 _2ddc
_cBV